| 000 | 00962nam a2200277 a 4500 | ||
|---|---|---|---|
| 999 |
_c8748 _d8748 |
||
| 001 | 3435399 | ||
| 003 | OSt | ||
| 005 | 20200125114015.0 | ||
| 008 | 910611s1992 caua b 001 0 eng | ||
| 010 | _a 91062256 | ||
| 020 | _a0070389330 | ||
| 040 |
_aDLC _cDLC |
||
| 050 | 0 | 0 |
_aT58.6 _b.L79 1992 |
| 082 | 0 | 0 |
_a658.4038 _220 _bLUC/A |
| 100 |
_aLucas, Henry C _91410 |
||
| 245 | 1 | 4 |
_aThe analysis design and implementation of information systems / _cHenry C. Lucas, Jr. |
| 250 | _a4th ed. | ||
| 260 |
_aNew York : _bMitchell McGraw-Hill, _cc1992. |
||
| 300 |
_axxvi, 550 p. : _bill. ; _c25 cm. |
||
| 504 | _aIncludes bibliographical references (p. 527-535) and index. | ||
| 650 | 0 | _aManagement information systems. | |
| 650 | 0 | _aSystem analysis. | |
| 906 |
_a7 _bcbc _corignew _d2 _eopcn _f19 _gy-gencatlg |
||
| 942 |
_2ddc _cBK _h658.4038 _iLUC/A _k658.4038 _mLUC/A |
||